Service charges in commercial property (Record no. 115095)

MARC details
000 -LEADER
fixed length control field 01657cad a2200361aa 4500
001 - CONTROL NUMBER
control field L158040
008 - FIXED-LENGTH DATA ELEMENTS--GENERAL INFORMATION
fixed length control field 140205s2014 xxk 000 0 eng u
020 ## - INTERNATIONAL STANDARD BOOK NUMBER
International Standard Book Number 9781783210381
035 ## - SYSTEM CONTROL NUMBER
System control number (Sirsi) u158040
041 0# - LANGUAGE CODE
Language code of text/sound track or separate title eng
050 04 - LIBRARY OF CONGRESS CALL NUMBER
Classification number 346.4104342 $2 18
110 2# - MAIN ENTRY--CORPORATE NAME
Corporate name or jurisdiction name as entry element Royal Institution of Chartered Surveyors
9 (RLIN) 4900
245 00 - TITLE STATEMENT
Title Service charges in commercial property
Remainder of title RICS code of practice UK
Medium [electronic resource]
Statement of responsibility, etc. [archived]
250 ## - EDITION STATEMENT
Edition statement 3rd ed.
260 ## - PUBLICATION, DISTRIBUTION, ETC.
Place of publication, distribution, etc. London
Name of publisher, distributor, etc. RICS
Date of publication, distribution, etc. 2014
490 #0 - SERIES STATEMENT
Series statement RICS Code of Practice
490 #0 - SERIES STATEMENT
Series statement RICS Guidance Note
520 ## - SUMMARY, ETC.
Summary, etc. Aims to improve standards and promote best practice in the management and administration of service charges in commercial property, thus reducing the causes of disputes.
520 ## - SUMMARY, ETC.
Summary, etc. Supersedes second edition in Februrary 2014, ISBN 9781842196687.
520 ## - SUMMARY, ETC.
Summary, etc. Superseded by Service charges in commercial property, 1st edition (2018). Although this document is a first edition PS it supersedes the previous 3 editions, which were published as codes of practice.
590 ## - LOCAL NOTE (RLIN)
Local note KA
651 #4 - SUBJECT ADDED ENTRY--GEOGRAPHIC NAME
Geographic name United Kingdom
690 ## - LOCAL SUBJECT ADDED ENTRY--TOPICAL TERM (OCLC, RLIN)
Topical term or geographic name as entry element Commercial property
9 (RLIN) 6227
690 ## - LOCAL SUBJECT ADDED ENTRY--TOPICAL TERM (OCLC, RLIN)
Topical term or geographic name as entry element Property management
9 (RLIN) 6262
710 2# - ADDED ENTRY--CORPORATE NAME
Corporate name or jurisdiction name as entry element British Council for Offices
9 (RLIN) 3992
710 2# - ADDED ENTRY--CORPORATE NAME
Corporate name or jurisdiction name as entry element British Council of Shopping Centres
9 (RLIN) 1982
710 2# - ADDED ENTRY--CORPORATE NAME
Corporate name or jurisdiction name as entry element British Property Federation
9 (RLIN) 1604
710 2# - ADDED ENTRY--CORPORATE NAME
Corporate name or jurisdiction name as entry element British Retail Consortium
9 (RLIN) 1582
710 2# - ADDED ENTRY--CORPORATE NAME
Corporate name or jurisdiction name as entry element Property Managers Association
9 (RLIN) 213
710 1# - ADDED ENTRY--CORPORATE NAME
Corporate name or jurisdiction name as entry element Corenet Global
9 (RLIN) 4279
856 40 - ELECTRONIC LOCATION AND ACCESS
Uniform Resource Identifier <a href="https://www.isurv.com/downloads/file/5830/archive_service_charges_in_commercial_property_3rd_edition_2014">https://www.isurv.com/downloads/file/5830/archive_service_charges_in_commercial_property_3rd_edition_2014</a>
Public note Archived on isurv (subscription required)
942 ## - ADDED ENTRY ELEMENTS (KOHA)
Suppress in OPAC 0
Source of classification or shelving scheme Dewey Decimal Classification
Holdings
Withdrawn status Lost status Source of classification or shelving scheme Damaged status Not for loan Home library Current library Shelving location Date acquired Total Checkouts Full call number Barcode Date last seen Copy number Price effective from Koha item type
    Dewey Decimal Classification     Virtual Virtual Online 05/02/2014   iSurv 158040-2001 28/04/2023 1 06/08/2019 Book